Tajemství úspěchu managera. Předvídaní úspěchu vedoucích pracovníků.(Co musíte udělat pro úspěch pracovníků vrcholného managementu) : Z amer.orig /
Saved in:
| Main Author: | |
|---|---|
| Format: | Book |
| Language: | Czech |
| Published: |
Praha :
Victoria Publishing, a.s,
1992
|
| Tags: |
No Tags, Be the first to tag this record!
|
MARC
| LEADER | 00000nam a22000003a 4500 | ||
|---|---|---|---|
| 001 | stu20789 | ||
| 005 | 20150617225749.6 | ||
| 008 | 921102s1992----cs------------------cze-d | ||
| 020 | |a 80-85605-10-4 | ||
| 040 | |a STU |b slo | ||
| 041 | 0 | |a cze | |
| 044 | |a cs | ||
| 080 | |a 338.242 | ||
| 100 | 1 | |a Sorcher, Melvin |4 aut | |
| 245 | 1 | |a Tajemství úspěchu managera. Předvídaní úspěchu vedoucích pracovníků.(Co musíte udělat pro úspěch pracovníků vrcholného managementu) : |b Z amer.orig / |c [aut.]Sorcher,Melvin | |
| 260 | |a Praha : |b Victoria Publishing, a.s, |c 1992 | ||
| 300 | |a 305 s : |b Register | ||
| 996 | |b C90341 |c C*90341 |l CCXIV |s P |a 0 |w stu20789_0001 | ||
| 996 | |b C90342 |c C*90342 |l CCXIV |s P |a 0 |w stu20789_0002 | ||